Il manoscritto "Cod. LXXVII" della biblioteca dell'abbazia cistercense di Vyssí Brod (Rep. Ceca)

Titel: Il manoscritto "Cod. LXXVII" della biblioteca dell'abbazia cistercense di Vyssí Brod (Rep. Ceca) / Alessio Magoga
Verfasser:
In: Scriptorium, Band 71, Heft 2 (2017), Seite 287-294
alle Artikel anzeigen
Veröffentlicht: 2017
Format: Aufsatz
Sprache: Französisch
Schlagworte:
Kein Bild verfügbar
X
alg: 51010822
001A    $03025:03-08-23 
001B    $01999:03-08-23 $t23:04:04.000 
001D    $03025:03-08-23 
001U    $0utf8 
001X    $00 
002@    $0Aou 
002C    $aText $btxt $2rdacontent 
002D    $aohne Hilfsmittel zu benutzen $bn $2rdamedia 
002E    $aBand $bnc $2rdacarrier 
003@    $0510108229 
007A    $0510108229 $aHEB 
010@    $afre 
010E    $erda 
011@    $a2017 
021A    $aIl manoscritto "Cod. LXXVII" della biblioteca dell'abbazia cistercense di Vyssí Brod (Rep. Ceca) $hAlessio Magoga 
028A    $BVerfasser $4aut $8Magoga, Alessio [Tp3] $945079394X 
031A    $d71 $e2 $h287-294 $j2017 
039B    $aEnthalten in $8--Abvc--. Scriptorium. - Bruxelles : Centre, 1946-. - ISSN 0036-9772 $x201700000710002713 $9047293209 
044K    $#Hohenfurth $74089265-7 $8Vyšší Brod [Tg1] $9085251348 
044K    $#Zisterzienserkloster Vyšší Brod $#Zisterzienserstift Vyšší Brod $#Stift Vyšší Brod $#Cisterciacké Opatství $#CisterciáckýKlášter Vyšší Brod $#Zisterzienserabtei Hohenfurth $#Kloster Hohenfurt $77541042-4 $8Kloster Vyšší Brod [Tb1] $9180912224 
044K    $RHandschrift $#Kodex $#Codices $#Codizes $74148186-0 $8Codex [Ts1] $908560125X 
044K    $RSchrifttum $RHandschrift $RAutograf $#Manuscripts $#Manuscrits $#Nachlass Manuskript $#Manuskripte $74126273-6 $8Manuskript [Ts1] $9085429236 
045F    $a002.094371 $eDDC23BSB 
045F/01 $a002.09 
045F/03 $g4371 
045T    $a6,23 
045T    $aAVL $qDE-30 $2FID 

lok: 51010822 78

exp: 51010822 78 1 #EPN
201B/01 $003-08-23 $t12:54:06.000 
201C/01 $003-08-23 
201U/01 $0utf8 
203@/01 $0124040607X 
208@/01 $a03-08-23 $be 
209A/01 $a/ $f000 $x00 
209A/01 $ab*p $x01 
220C/01 $apgar 
244Z/01 $#Böhmische Kronländer $#Länder der Böhmischen Krone $#Sudetenland $#Böhmen $#Mähren $#Mährisch-Schlesien $#Österreichisch-Schlesien $#Tschechische Sozialistische Republik Böhmische Länder $#Tschechei Böhmische Länder $#Země koruny české $74069573-6 $8--Tg1--Böhmische Länder $x03 $9085195553 
247C/01 $82080>Marburg/Lahn, Herder-Institut, Forschungsbibliothek, Bibliographieportal $9336309341
LEADER 00000caa a2200000 c 4500
001 510108229
003 DE-603
005 20230803230404.0
007 tu
008 230803s2017 xx |||| | u00||u|fre c
035 |a (DE-599)HEB510108229 
040 |a DE-603  |b ger  |c DE-603  |d DE-603  |e rda 
041 |a fre 
082 0 4 |8 1\u  |a 002.094371  |q DE-101  |2 23/BSB 
084 |a 6,23  |2 ssgn 
084 |a AVL  |q DE-30  |2 fid 
085 |8 1\u  |b 002.09 
085 |8 1\u  |z 2  |s 4371 
100 1 |a Magoga, Alessio  |e Verfasser  |4 aut  |0 (DE-603)45079394X  |0 (DE-588)1190657007  |2 gnd 
245 0 0 |a Il manoscritto "Cod. LXXVII" della biblioteca dell'abbazia cistercense di Vyssí Brod (Rep. Ceca)  |c Alessio Magoga 
264 0 |c 2017 
336 |a Text  |b txt  |2 rdacontent 
337 |a ohne Hilfsmittel zu benutzen  |b n  |2 rdamedia 
338 |a Band  |b nc  |2 rdacarrier 
610 1 7 |a Kloster Vyšší Brod  |2 gnd  |0 (DE-588)7541042-4  |0 (DE-603)180912224 
650 7 |a Codex  |0 (DE-588)4148186-0  |0 (DE-603)08560125X  |2 gnd 
650 7 |a Manuskript  |0 (DE-588)4126273-6  |0 (DE-603)085429236  |2 gnd 
651 7 |a Vyšší Brod  |0 (DE-588)4089265-7  |0 (DE-603)085251348  |2 gnd 
773 0 8 |i Enthalten in  |t Scriptorium  |d Bruxelles : Centre, 1946-  |x 0036-9772  |g Band 71, Heft 2 (2017), Seite 287-294  |w (DE-603)047293209  |w (DE-600)206877-1 
924 0 |9 2080  |a (DE-603)124040607X  |b DE-2080  |c HES  |d d  |g /